Chronology Of F1 Driver With The Most Wins - Statistics

General Stats
  • This quiz has been taken 103 times
  • The average score is 9 of 9
Answer Stats
Driver Date They Beat The Record Grand Prix Number Of Wins How Long It Lasted % Correct
2 🇦🇷 Juan Manuel Fangio 2nd July 1950 France, Reims 6 2 years, 1 month & 15 days
98%
4 🇦🇷 Juan Manuel Fangio 16th January 1955 Argentina, Buenos Aires 24 12 years, 11 months & 16 days
98%
9 🇬🇧 Lewis Hamilton 25th October 2020 Portugal, Portimao 103 To Today
98%
8 🇩🇪 Michael Schumacher 2nd September 2001 Belgium, Spa 91 19 years, 1 month & 23 days
97%
7 🇫🇷 Alain Prost 30th September 1987 Portugal,Estoril 51 13 years, 11 months & 3 days
94%
3 🇮🇹 Alberto Ascari 17th August 1952 Netherlands, Zandvoort 13 2 years, 4 months & 30 days
94%
1 🇮🇹 Giuseppe Farina 13th May 1950 Britain, Silverstone 1 1 month & 19 days
94%
6 🇬🇧 Jackie Stewart 29th July 1973 Netherlands, Zandvoort 27 14 years, 2 months & 1 day
93%
5 🇬🇧 Jim Clark 1st January 1968 South Africa, Kyalami 25 5 years, 6 months & 28 days
89%
No matching quizzes found
Score Distribution
Percent of People with Each Score
Percentile by Number Answered
Your Score History
You have not taken this quiz